| 000 | 00721nam a2200241 a 4500 | ||
|---|---|---|---|
| 999 |
_c11281 _d11281 |
||
| 001 | 11281 | ||
| 003 | BD-JhCC | ||
| 005 | 20190822085903.0 | ||
| 008 | 190621s20152019bg |||| ||a| 000 0 ben d | ||
| 020 | _a9789840422005 | ||
| 035 | _a(BD-JhCC)11281 | ||
| 040 |
_aBD-JhCC _dBD-JhCC |
||
| 041 | _aben | ||
| 082 |
_bHAS 2019 _a923 |
||
| 100 | _aহসিনা, শেখ | ||
| 245 |
_aশেখ মজিব আমার পিতা / _cশেখ হসিনা । |
||
| 260 |
_aঢাকা: _bআগামী প্রকাশনী; _c২০১৯. |
||
| 300 |
_a১১১ পৃ. : _c ২২ সেমি. |
||
| 600 | _aRahaman, Sheikh Mujibur | ||
| 650 | _aBiography | ||
| 942 |
_2ddc _cBK |
||